[Event "Open Ricany 2011"]
[Site "http://www.openricany.cz"]
[Date "2011.08.20"]
[Round "1.50"]
[White "Boucek, Vlastimil"]
[Black "Pilny, Jiri"]
[Result "1/2-1/2"]
[WhiteElo "1984"]
[BlackElo "1723"]

1. e4 e6 2. d3 d5 3. Qe2 dxe4 4. dxe4 g6 5. g3 Bg7 6. c3 b6 7. f3 Ba6 8. Qc2
Bxf1 9. Kxf1 Nd7 10. Kg2 Nc5 11. Nh3 Qd3 12. Qf2 Ne7 13. Nf4 Qd7 14. Be3 Nd3
15. Nxd3 Qxd3 16. Na3 Qa6 17. Nc2 O-O 18. Rhd1 Rad8 19. a3 c5 20. Bg5 f6 21. Bf4
Nc6 22. Qf1 Qxf1+ 23. Kxf1 Rxd1+ 24. Rxd1 Rd8 25. Rxd8+ Nxd8 26. Ke2 b5 27. Bc7
Nc6 28. f4 f5 29. e5 Bf8 30. b4 Kf7 31. bxc5 Bxc5 32. Nb4 Bxb4 33. axb4 Ke8
34. Kd3 Kd7 35. Bd6 a5 36. bxa5 Nxa5 37. Bb4 Nc4 1/2-1/2

[Event "Open Ricany 2011"]
[Site "http://www.openricany.cz"]
[Date "2011.08.20"]
[Round "1.23"]
[White "Krejci, Martin"]
[Black "Vesecky, Martin"]
[Result "0-1"]
[WhiteElo "1878"]
[BlackElo "2083"]

1. e4 c5 2. Nf3 e6 3. d4 cxd4 4. Nxd4 Nf6 5. Nc3 Nc6 6. Be3 Bb4 7. Bd3 d5 8. f3
dxe4 9. Nxc6 bxc6 10. fxe4 Nxe4 11. Qg4 Nxc3 12. Qxb4 Nd5 13. Qc5 Nxe3 14. Qxe3
Qb6 15. Qe4 Rb8 16. b3 Qb4+ 17. Qxb4 Rxb4 18. O-O-O Ke7 19. Bc4 Rd8 20. Rhf1
Rxd1+ 21. Kxd1 Rb7 22. Rf3 Rd7+ 23. Ke2 f5 24. Re3 Rd4 25. Re5 g5 26. c3 Rd8
27. Ra5 Rd7 28. Re5 Rc7 29. Kf3 c5 30. Re2 Kf6 31. g4 Bb7+ 32. Kf2 Re7 33. gxf5
exf5 34. Rd2 g4 35. Rd8 Kg5 36. Bd5 Kf4 37. Bxb7 Rxb7 38. Rd3 h5 39. h3 Re7
40. h4 Re4 41. Rd5 g3+ 42. Kf1 Re5 0-1

[Event "Open Ricany 2011"]
[Site "http://www.openricany.cz"]
[Date "2011.08.20"]
[Round "1.43"]
[White "Sedivy, Ondrej"]
[Black "Prochazka, Petr"]
[Result "1/2-1/2"]
[WhiteElo "1782"]
[BlackElo "2008"]

1. c4 e5 2. Nc3 Nf6 3. g3 d5 4. cxd5 Nxd5 5. Bg2 Nb6 6. Nf3 Nc6 7. O-O Be7
8. d3 O-O 9. a3 Be6 10. b4 f6 11. Bb2 a6 12. Rc1 Qd7 13. Na4 Nxa4 14. Qxa4 Rad8
15. Rc3 Nd4 16. Qxd7 Rxd7 17. Re1 c6 18. Nd2 Bd5 19. Ne4 b6 20. Rcc1 Nb3 21. Rc2
f5 22. Nd2 Nxd2 23. Rxd2 Bxg2 24. Kxg2 e4 25. Red1 Rfd8 26. Bc3 exd3 27. Rxd3
Rxd3 28. Rxd3 Rxd3 29. exd3 Kf7 30. Kf3 Bf6 31. Bd2 b5 32. Bc1 Bd4 33. Ke2 Ke6
34. f3 Kd5 35. Kd2 Bg1 36. h3 Bh2 37. g4 fxg4 38. fxg4 Bf4+ 39. Kc2 g5 40. Bb2
c5 41. bxc5 Kxc5 42. Bc3 Kd5 43. Kb3 Bd6 1/2-1/2

[Event "Open Ricany 2011"]
[Site "http://www.openricany.cz"]
[Date "2011.08.20"]
[Round "1.40"]
[White "Vavrinec, Tomas"]
[Black "Cerny, Michal"]
[Result "1/2-1/2"]
[WhiteElo "2015"]
[BlackElo "1806"]

1. c4 e5 2. Nc3 Bc5 3. Nf3 Nc6 4. g3 Nge7 5. Bg2 O-O 6. O-O d6 7. d3 Bb6 8. a3
a5 9. Rb1 Be6 10. b4 axb4 11. axb4 Qd7 12. Na4 Bh3 13. Nxb6 cxb6 14. Be3 Bxg2
15. Kxg2 b5 16. cxb5 Nd8 17. Qc2 Ne6 18. d4 Nf5 19. dxe5 Nxe3+ 20. fxe3 dxe5
21. Nxe5 Qd5+ 22. Nf3 Qxb5 23. Qd3 Qb6 24. Ne5 Rad8 25. Qe4 Rd2 26. Nc4 Ng5
27. Nxb6 Rxe2+ 28. Rf2 Rxf2+ 29. Kxf2 Nxe4+ 30. Kg2 g6 31. Rc1 f5 32. Kf3 Rf7
33. Kf4 Kg7 34. Rc8 Kf6 35. h4 h6 36. Nd5+ 1/2-1/2

[Event "Open Ricany 2011"]
[Site "http://www.openricany.cz"]
[Date "2011.08.20"]
[Round "1.20"]
[White "Vanka, Miloslav"]
[Black "Franek, Jan"]
[Result "1-0"]
[WhiteElo "2120"]
[BlackElo "1891"]

1. e4 e5 2. Nf3 Nc6 3. Bb5 f5 4. d3 fxe4 5. dxe4 Nf6 6. Qd3 Bc5 7. Nc3 d6
8. Na4 Bb6 9. Nxb6 axb6 10. Bg5 O-O 11. a3 Qe8 12. O-O-O Qg6 13. Bxf6 Rxf6
14. Bxc6 bxc6 15. Qc4+ d5 16. Rxd5 Be6 17. Qxc6 Raf8 18. Rdd1 Qxg2 19. Nd2 Qxf2
20. Rhf1 Qh4 21. Rxf6 Qxf6 22. Qxc7 Qg5 23. Qxb6 Bg4 24. Rg1 Rd8 25. Qf2 Qh5
26. Qg2 Qh6 27. Qxg4 Rxd2 28. Kb1 Qf6 29. h4 g6 30. h5 Qc6 31. Rc1 Rd4 32. hxg6
hxg6 33. Rg1 Kg7 34. Qh4 Qc5 35. Rf1 Qd6 36. Qg4 Qc6 37. Qf3 Qe6 38. Qf8+ 1-0

[Event "Open Ricany 2011"]
[Site "http://www.openricany.cz"]
[Date "2011.08.20"]
[Round "1.45"]
[White "Pycha, Patrik"]
[Black "Rydl, Jiri"]
[Result "1-0"]
[WhiteElo "1770"]
[BlackElo "2007"]

1. d4 e6 2. c4 d5 3. cxd5 exd5 4. Nc3 c5 5. dxc5 d4 6. Ne4 Bf5 7. Ng3 Be6
8. Nf3 Bxc5 9. Ne4 Nc6 10. Nxc5 Qa5+ 11. Bd2 Qxc5 12. g3 Nf6 13. Bg2 O-O 14. O-O
Rfe8 15. e3 d3 16. Rc1 Qb6 17. b3 Rad8 18. Bc3 Bf5 19. Nd2 Bg4 20. Bf3 h5
21. Bxf6 gxf6 22. Bxg4 hxg4 23. Qxg4+ Kf8 24. Rfd1 Ne5 25. Qf5 Kg7 26. Nc4 Qe6
27. Qxe6 Rxe6 28. Nxe5 fxe5 29. e4 d2 30. Rc2 Red6 31. Kf1 f5 32. exf5 Kf6
33. Ke2 Kxf5 34. Rcxd2 Rxd2+ 35. Rxd2 Rc8 36. h4 a5 37. Ke3 Rc3+ 38. Rd3 Rc2
39. a4 Rc6 40. f3 Rc5 41. g4+ Ke6 42. f4 exf4+ 43. Kxf4 b6 44. h5 Rc6 45. g5 Ke7
46. Re3+ Kf7 47. Kf5 Rc1 48. g6+ Kf8 49. Re6 Rc5+ 50. Re5 Rc1 51. Rb5 Rc6 52. h6
Rc1 53. Rxb6 Rf1+ 54. Ke4 Rh1 55. Rb8+ Ke7 56. h7 1-0

[Event "Open Ricany 2011"]
[Site "http://www.openricany.cz"]
[Date "2011.08.20"]
[Round "1.22"]
[White "Hrdina, Robin"]
[Black "Sargsjan, Karen"]
[Result "1-0"]
[WhiteElo "2089"]
[BlackElo "1881"]

1. e4 c5 2. Nf3 e6 3. d4 cxd4 4. Nxd4 a6 5. Bd3 Qc7 6. O-O Nc6 7. Nb3 Nb4
8. Nc3 Nf6 9. Kh1 b6 10. Qe2 Bb7 11. Bd2 h5 12. Rae1 Ng4 13. f4 g5 14. h3 gxf4
15. Bxf4 Ne5 16. Qf2 d6 17. Bxe5 dxe5 18. Rd1 Nc6 19. Na4 Nd4 20. Nxd4 exd4
21. Qxd4 Rg8 22. Qxb6 Qc6 23. Qf2 Rg7 24. Nb6 Rd8 25. Nc4 Qc7 26. Qf4 Qxf4
27. Rxf4 Be7 28. Be2 Rxd1+ 29. Bxd1 h4 30. Bf3 e5 31. Rg4 Rxg4 32. hxg4 f6
33. Kh2 Kf8 34. Kh3 Kg7 35. Ne3 Kg6 36. Nf5 Bc5 37. Kxh4 Bc8 38. Kg3 Be6 39. b3
a5 40. Be2 Kg5 41. Kf3 Bxf5 42. gxf5 Bd4 43. g3 Bc3 44. Ke3 Be1 45. g4 Bb4
46. Kd3 Kf4 47. Kc4 Kxe4 48. Bd3+ Kf4 49. c3 Be7 50. Kd5 Kxg4 51. c4 Kf4 52. c5
e4 53. Bxe4 Bxc5 54. Kxc5 Kxe4 55. Kb5 Kxf5 56. Kxa5 Ke4 57. b4 f5 58. b5 f4
59. b6 f3 60. b7 f2 61. b8=Q f1=Q 62. Qb4+ Ke3 63. Qc5+ Ke4 64. a4 Qf7 65. Kb6
Qb3+ 66. Qb5 Qe3+ 67. Kb7 Qg3 68. Qc4+ Kf5 69. Qd5+ Kf6 70. Qd4+ Ke6 71. a5 Qf3+
72. Kb6 Qb3+ 73. Ka7 Qg3 74. Qb6+ 1-0

[Event "Open Ricany 2011"]
[Site "http://www.openricany.cz"]
[Date "2011.08.20"]
[Round "1.26"]
[White "Petras, Milan"]
[Black "Plicka, Petr"]
[Result "1-0"]
[WhiteElo "2064"]
[BlackElo "1864"]

1. d4 Nf6 2. Nf3 d5 3. Bf4 e6 4. e3 Bd6 5. Bg3 O-O 6. Nbd2 b6 7. Ne5 c5 8. f4
Qc7 9. c3 Nfd7 10. Bd3 f5 11. Ndf3 Nf6 12. O-O Ne4 13. c4 Nxg3 14. hxg3 Bb7
15. Rc1 Qe7 16. g4 Nd7 17. g5 g6 18. g4 Rad8 19. gxf5 exf5 20. Qa4 Bb8 21. Kf2
Rfe8 22. Rh1 Qd6 23. Rh6 Kg7 24. Nh4 Nxe5 25. dxe5 Qd7 26. Qxd7+ Rxd7 27. Nxf5+
Kf8 28. Ng3 dxc4 29. Be4 b5 30. Bxb7 Rxb7 31. Rd1 b4 32. Rc1 a5 33. Ne4 Rf7
34. Nf6 Re6 35. Rd1 c3 36. Rd8+ Ke7 37. Re8# 1-0

[Event "Open Ricany 2011"]
[Site "http://www.openricany.cz"]
[Date "2011.08.20"]
[Round "1.1"]
[White "Martinec, Karel"]
[Black "Vesselovsky, Serguei"]
[Result "0-1"]
[WhiteElo "1971"]
[BlackElo "2379"]

1. d4 Nf6 2. c4 e6 3. Nf3 b6 4. g3 Ba6 5. Qc2 c5 6. Bg2 Nc6 7. e3 Rc8 8. b3 d5
9. Ne5 cxd4 10. Nxc6 Rxc6 11. exd4 Rc8 12. O-O dxc4 13. Rd1 cxb3 14. Qxb3 Bc4
15. Qa4+ Qd7 16. Qxd7+ Kxd7 17. Bg5 Nd5 18. Nd2 Ba6 19. Bxd5 exd5 20. Rac1 Ba3
21. Rxc8 Rxc8 22. Nf3 f6 0-1

[Event "Open Ricany 2011"]
[Site "http://www.openricany.cz"]
[Date "2011.08.20"]
[Round "1.16"]
[White "Moravec, Vit"]
[Black "Paukert, Jan"]
[Result "1-0"]
[WhiteElo "2146"]
[BlackElo "1911"]

1. e4 e5 2. f4 d5 3. exd5 e4 4. d3 Nf6 5. dxe4 Nxe4 6. Nf3 Bc5 7. Qe2 Bf5
8. Nc3 Qe7 9. Be3 Bxe3 10. Qxe3 Nxc3 11. Qxe7+ Kxe7 12. bxc3 Be4 13. Ng5 Bxd5
14. O-O-O c6 15. c4 Be6 16. Bd3 h6 17. Nf3 Kf6 18. f5 Bxf5 19. Bxf5 Kxf5
20. Nh4+ Kg5 21. g3 Na6 22. Rhf1 g6 23. Rxf7 Nc5 24. Nf3+ Kh5 25. g4+ Kxg4
26. Rd4+ Kh3 27. Rh4+ Kg2 28. Ne1+ Kg1 29. Rg4+ Kxh2 30. Rf3 1-0

[Event "Open Ricany 2011"]
[Site "http://www.openricany.cz"]
[Date "2011.08.20"]
[Round "1.33"]
[White "Jirousek, Filip"]
[Black "Vevera, Radek"]
[Result "1-0"]
[WhiteElo "1849"]
[BlackElo "2043"]

1. e4 c5 2. Nf3 d6 3. d4 cxd4 4. Nxd4 Nf6 5. Nc3 Nc6 6. Bc4 e6 7. O-O Be7
8. Re1 O-O 9. Nxc6 bxc6 10. e5 dxe5 11. Qxd8 Rxd8 12. Rxe5 Bb4 13. Bg5 Rd4
14. Bd3 Ng4 15. Re2 h6 16. Bd2 Bd6 17. h3 Ne5 18. Rd1 Nxd3 19. Be3 Nf4 20. Bxd4
Nxe2+ 21. Nxe2 Bc7 22. Bc5 f6 23. Nd4 Bd7 24. Nf3 Be8 25. Kf1 e5 26. Ke2 Kf7
27. Nd2 Ke6 28. Nc4 Bg6 29. c3 a6 30. Bd6 Bd8 31. Bf8 Kf7 32. Bc5 Be7 33. Rd7
Re8 34. Ra7 Ke6 35. Bxe7 Rxe7 36. Rxa6 Rc7 37. Ne3 Kd6 38. b4 Kd7 39. c4 Rb7
40. a3 Kc7 41. Kd2 h5 42. Kc3 h4 43. a4 Bh5 44. f3 Bg6 45. b5 cxb5 46. axb5 Kb8
47. b6 Rd7 48. c5 Rd3+ 49. Kb4 Be8 50. Nf5 Bc6 51. Ne7 Bb7 52. Ra7 Rd7 53. Nf5
Rd1 54. Nd6 Rb1+ 55. Kc3 Bd5 56. Rc7 Be6 57. Re7 Bc8 58. Re8 Rc1+ 59. Kb4 1-0

[Event "Open Ricany 2011"]
[Site "http://www.openricany.cz"]
[Date "2011.08.20"]
[Round "1.27"]
[White "Pribyl, Jaroslav"]
[Black "Framberk, Jan"]
[Result "0-1"]
[WhiteElo "1864"]
[BlackElo "2062"]

1. d4 Nf6 2. Nf3 c5 3. d5 e6 4. c4 d6 5. Nc3 g6 6. e4 Bg7 7. Be2 O-O 8. O-O Na6
9. dxe6 fxe6 10. e5 dxe5 11. Qxd8 Rxd8 12. Nxe5 Nb4 13. Rd1 Rxd1+ 14. Bxd1 Nd7
15. Nxd7 Bxd7 16. Be3 b6 17. Bf3 Bc6 18. a3 Bxf3 19. axb4 cxb4 20. Nb5 Be2
21. Rxa7 Rxa7 22. Nxa7 Bxc4 23. Nc6 Bxb2 24. Nxb4 b5 25. f3 Kf7 26. Kf2 Kf6
27. Ke1 Ke5 28. Kd2 Kd6 29. Kc2 Be5 30. g3 Bf6 31. Kd2 h5 32. h4 Bd8 33. Kc3 Ba5
34. Bh6 e5 35. Bf8+ Ke6 36. Kd2 Kf5 37. Bc5 e4 38. Ke3 exf3 39. Kxf3 Bb3 40. Nd3
Bd5+ 41. Ke3 Bc7 42. Nf4 Bf7 43. Kf3 Be5 44. Nd3 Bd5+ 45. Kf2 Bc3 46. Nb4 Be4
47. Ke3 Be5 48. Kf2 Kg4 49. Ke3 Bf5 50. Nd5 Bxg3 51. Nf6+ Kxh4 52. Kf3 Bc8
53. Be7 Kh3 54. Nh7 Bb7+ 55. Ke3 Kg4 56. Nf8 Kf5 57. Kd4 h4 0-1

[Event "Open Ricany 2011"]
[Site "http://www.openricany.cz"]
[Date "2011.08.20"]
[Round "1.4"]
[White "Sodoma, Jan"]
[Black "Cervenka, Petr"]
[Result "1-0"]
[WhiteElo "2365"]
[BlackElo "1949"]

1. d4 e6 2. c4 f5 3. Nf3 Nf6 4. g3 Be7 5. Bg2 O-O 6. O-O d6 7. Nc3 c6 8. Qc2
Qc7 9. e4 fxe4 10. Nxe4 e5 11. dxe5 dxe5 12. Nxf6+ Rxf6 13. Re1 Bf5 14. Qc3 Na6
15. a3 Nc5 16. Nxe5 Na4 17. Qb3 Nc5 18. Qc3 Na4 19. Qb3 Nc5 20. Qa2 Bd6 21. Be3
Re8 22. Nf3 Be4 23. Bxc5 Bxc5 24. b4 Ref8 25. Rxe4 1-0

[Event "Open Ricany 2011"]
[Site "http://www.openricany.cz"]
[Date "2011.08.20"]
[Round "1.34"]
[White "Nemec, David"]
[Black "Hajek, Jiri"]
[Result "1-0"]
[WhiteElo "2037"]
[BlackElo "1847"]

1. e4 d5 2. exd5 Nf6 3. d4 Nxd5 4. Nf3 Bg4 5. Be2 Nc6 6. O-O e6 7. Nbd2 Be7
8. Re1 O-O 9. c3 Nf4 10. Bc4 Na5 11. h3 Bh5 12. Bf1 b6 13. Ne4 Nd5 14. Bd2 Nb7
15. Ng3 Bg6 16. Ne5 c5 17. Nxg6 hxg6 18. c4 Nf6 19. Qf3 Nd6 20. d5 exd5 21. cxd5
c4 22. Rad1 Rc8 23. h4 b5 24. h5 gxh5 25. Nxh5 Nxh5 26. Qxh5 Bf6 27. Bc3 Bxc3
28. bxc3 Qf6 29. Re3 g6 30. Qh6 Qg7 31. Qf4 Nf5 32. Rh3 Rcd8 33. g4 Nd6 34. a4
a6 35. axb5 axb5 36. Re3 g5 37. Qg3 Qf6 38. Bg2 Rfe8 39. Rxe8+ Rxe8 40. Ra1 Qe5
41. Qxe5 Rxe5 42. Ra6 Ne8 43. d6 Re1+ 44. Kh2 Rd1 45. Ra8 1-0

[Event "Open Ricany 2011"]
[Site "http://www.openricany.cz"]
[Date "2011.08.20"]
[Round "1.2"]
[White "Kulhanek, Tomas"]
[Black "Hronik, Petr"]
[Result "1-0"]
[WhiteElo "2375"]
[BlackElo "1966"]

1. e4 d5 2. exd5 Nf6 3. Bb5+ Bd7 4. Be2 Nxd5 5. d4 e6 6. Nf3 Be7 7. O-O O-O
8. c4 Nf6 9. Nc3 c5 10. d5 exd5 11. cxd5 Bf5 12. Re1 Bd6 13. Bg5 a6 14. a4 Nbd7
15. Nh4 Bg6 16. a5 Qc7 17. g3 Rfe8 18. Nxg6 fxg6 19. Qa4 Re7 20. Bg4 Ne5
21. Bxf6 gxf6 22. Be6+ Kg7 23. Kg2 f5 24. Red1 Rf8 25. Ne2 Ng4 26. Rac1 Qd8
27. Nf4 Bxf4 28. Qxf4 Qxa5 29. Qd6 Qc7 30. Qxc5 Qxc5 31. Rxc5 Nf6 32. Bc8 Rd8
33. d6 Re2 34. Rc7+ Kh6 35. Bxb7 Ng4 36. d7 Ne5 37. Bxa6 Rxb2 38. h3 Kg7 39. Rc8
1-0

[Event "Open Ricany 2011"]
[Site "http://www.openricany.cz"]
[Date "2011.08.20"]
[Round "1.30"]
[White "Ambroz, Antonin"]
[Black "Berg, Antonin"]
[Result "1-0"]
[WhiteElo "2054"]
[BlackElo "1855"]

1. c4 c5 2. Nc3 Nf6 3. g3 d5 4. cxd5 Nxd5 5. Bg2 Nxc3 6. bxc3 e5 7. d3 Be7
8. Nf3 Nc6 9. O-O O-O 10. Qc2 Kh8 11. Qa4 f5 12. Ba3 Bd7 13. Qb3 Qc7 14. Nd2 Na5
15. Qc2 Bc6 16. Nb3 Bxg2 17. Kxg2 Rae8 18. Nxa5 Qxa5 19. Bb2 Bd6 20. e4 f4
21. f3 Qc7 22. g4 Re6 23. Qe2 Be7 24. d4 cxd4 25. cxd4 exd4 26. Bxd4 Rc6 27. Kh1
Rc2 28. Qb5 a6 29. Qe5 Bd6 30. Qe6 Rc8 31. Rad1 Rc6 32. Rd3 Bc5 33. Qe5 Qxe5
34. Bxe5 Bf8 35. Rfd1 1-0

[Event "Open Ricany 2011"]
[Site "http://www.openricany.cz"]
[Date "2011.08.20"]
[Round "1.5"]
[White "Kaiser, Rudolf"]
[Black "Rehorek, Martin"]
[Result "0-1"]
[WhiteElo "1949"]
[BlackElo "2296"]

1. e4 c5 2. d4 cxd4 3. c3 dxc3 4. Nxc3 Nc6 5. Nf3 e6 6. Bc4 a6 7. O-O Nge7
8. Bg5 f6 9. Be3 b5 10. Bb3 Ng6 11. Qe2 Bd6 12. Rfd1 Qe7 13. Rac1 Bf4 14. g3
Bxe3 15. Qxe3 Na5 16. Ne2 Nxb3 17. Qxb3 O-O 18. Rc7 Rb8 19. Qc2 Rd8 20. Ned4 Bb7
21. Nb3 Rbc8 22. Rxc8 Rxc8 23. Qd3 d5 24. exd5 Bxd5 25. Re1 Qb4 26. Qd4 Rc4
27. Qe3 Ne5 28. Nfd2 Rc2 29. f4 Nc4 30. Nxc4 Rg2+ 31. Kf1 Qxc4+ 32. Re2 Rxh2
33. Nd4 Rxe2 34. Nxe2 Qxa2 35. Nc3 Qa1+ 36. Qe1 Bc4+ 0-1

[Event "Open Ricany 2011"]
[Site "http://www.openricany.cz"]
[Date "2011.08.20"]
[Round "1.6"]
[White "Juptner, Jan"]
[Black "Cap, Adam"]
[Result "1-0"]
[WhiteElo "2293"]
[BlackElo "1934"]

1. d4 Nf6 2. c4 g6 3. Nc3 Bg7 4. g3 O-O 5. Bg2 d6 6. Nf3 c5 7. d5 Nbd7 8. O-O
a6 9. h3 Rb8 10. a4 b6 11. e4 Qc7 12. Bf4 Ne5 13. Nxe5 dxe5 14. Bd2 Ne8 15. Qe2
Nd6 16. Rac1 Bd7 17. Rfe1 Rfc8 18. Be3 Qb7 19. Bf1 Rc7 20. Qd2 Qc8 21. Kh2 Kh8
22. Bh6 Bxh6 23. Qxh6 Qe8 24. f4 exf4 25. Qxf4 Kg8 26. e5 Nf5 27. e6 1-0

[Event "Open Ricany 2011"]
[Site "http://www.openricany.cz"]
[Date "2011.08.20"]
[Round "1.31"]
[White "Kucera, Josef"]
[Black "Skacel, Jan"]
[Result "0-1"]
[WhiteElo "1852"]
[BlackElo "2050"]

1. Nf3 Nf6 2. g3 g6 3. Bg2 Bg7 4. d3 O-O 5. O-O d5 6. Re1 c6 7. c3 Re8 8. Nbd2
e5 9. e4 dxe4 10. dxe4 Na6 11. Qc2 Qc7 12. Nc4 b5 13. Ncd2 Bb7 14. Nf1 Rad8
15. Bg5 h6 16. Bxf6 Bxf6 17. Rad1 Nc5 18. Ne3 Bg7 19. Nh4 Bc8 20. Rxd8 Rxd8
21. Rd1 Rxd1+ 22. Qxd1 Qd7 23. Qxd7 Bxd7 24. Bf3 Be6 25. a3 Na4 26. c4 bxc4
27. Nd1 Bf8 28. Be2 c3 29. bxc3 Bxa3 30. Nf3 f6 31. Nd2 Nb6 32. Kf1 a5 33. Ne3
Bc5 34. Nec4 Nxc4 35. Nxc4 a4 36. Na5 a3 37. c4 a2 38. Nb3 Bd4 39. f3 a1=Q+
40. Nxa1 Bxa1 41. g4 Kf8 42. Ke1 Ke7 0-1

[Event "Open Ricany 2011"]
[Site "http://www.openricany.cz"]
[Date "2011.08.20"]
[Round "1.19"]
[White "Adamik, Frantisek"]
[Black "Rehak, Martin"]
[Result "0-1"]
[WhiteElo "1891"]
[BlackElo "2129"]

1. c4 Nf6 2. Nc3 g6 3. e4 d6 4. d4 Bg7 5. f3 O-O 6. Be3 Nc6 7. Bd3 e5 8. d5 Nd4
9. Nge2 Nh5 10. Qd2 c5 11. O-O f5 12. Bg5 Qd7 13. Ng3 f4 14. Nxh5 gxh5 15. Ne2
Nxe2+ 16. Bxe2 Qf7 17. Kh1 Bf6 18. Bxf6 Qxf6 19. a3 h4 20. Qe1 Kh8 21. b4 b6
22. b5 Rg8 23. a4 Bb7 24. a5 Raf8 25. Rg1 Rg6 26. axb6 axb6 27. Ra7 Rf7 28. Qf2
Rfg7 29. h3 Rg3 30. Kh2 Qf8 31. Raa1 Qb8 32. Ra2 Bc8 33. Rga1 Qc7 34. Ra8 Qd7
35. Bf1 h6 0-1

[Event "Open Ricany 2011"]
[Site "http://www.openricany.cz"]
[Date "2011.08.20"]
[Round "1.53"]
[White "Pychova, Nela"]
[Black "Grecny, Karol"]
[Result "1/2-1/2"]
[WhiteElo "1640"]
[BlackElo "1975"]

1. d4 Nf6 2. Nf3 e6 3. Bg5 d5 4. e3 Be7 5. c4 c6 6. Nc3 O-O 7. Be2 dxc4 8. Bxc4
Nbd7 9. O-O Nd5 10. Bxe7 Qxe7 11. e4 Nxc3 12. bxc3 e5 13. d5 Nb6 14. Bb3 cxd5
15. Bxd5 Bg4 16. c4 Rac8 17. Rc1 Rc7 18. Qb3 Rfc8 19. Nd2 Be6 20. Qd3 Na4
21. Rc2 Nc5 22. Qg3 f6 23. Rfc1 b6 24. Qe3 Bf7 25. Nb3 Ne6 26. Bxe6 Bxe6 27. Nd2
Qc5 28. Qe2 a5 29. h3 Qd6 30. Nf3 Qb4 31. Rb2 Qc5 32. Rbc2 Rd7 33. Kh2 Rcd8
34. Kg1 Rd6 35. Kh2 Bf7 36. Nd2 Qb4 37. Nf3 Be8 38. c5 Bb5 39. Qe1 Qxe1 40. Nxe1
bxc5 41. Rxc5 1/2-1/2

[Event "Open Ricany 2011"]
[Site "http://www.openricany.cz"]
[Date "2011.08.20"]
[Round "1.21"]
[White "Hadrava, Jaroslav"]
[Black "Liuba, Volodymyr"]
[Result "1/2-1/2"]
[WhiteElo "1890"]
[BlackElo "2116"]

1. e4 c5 2. Nf3 d6 3. Nc3 Nc6 4. d4 cxd4 5. Nxd4 Nf6 6. Be2 g6 7. Be3 Bg7
8. Nxc6 bxc6 9. e5 dxe5 10. Qxd8+ Kxd8 11. Bf3 Kc7 12. Nb5+ Kb7 13. Nxa7 e4
14. Nxc8 exf3 15. Nb6 fxg2 16. Rg1 Ra6 17. Nc4 Nd5 18. c3 Nxc3 19. bxc3 Bxc3+
20. Ke2 Bxa1 21. Rxa1 Rxa2+ 22. Rxa2 g1=Q 23. Ra7+ Kb8 24. Ne5 Qg2 25. Nd7+ Kc8
26. Nb6+ Kd8 27. Ra8+ Kc7 28. Rxh8 Qg4+ 29. Kf1 e5 30. Rxh7 Qd1+ 31. Kg2 Qg4+
32. Kf1 1/2-1/2

[Event "Open Ricany 2011"]
[Site "http://www.openricany.cz"]
[Date "2011.08.20"]
[Round "1.3"]
[White "Jonas, Vaclav"]
[Black "Vojta, Tomas"]
[Result "1/2-1/2"]
[WhiteElo "1963"]
[BlackElo "2368"]

1. e4 d5 2. exd5 Nf6 3. d4 Bg4 4. Be2 Bxe2 5. Qxe2 Qxd5 6. Nf3 e6 7. Nc3 Qh5
8. Bf4 c6 9. O-O-O Bb4 10. Ne4 Nxe4 11. Qxe4 Qd5 12. Qxd5 cxd5 13. c3 Be7
14. Bxb8 Rxb8 15. Ne1 O-O 16. Nd3 Rfc8 17. Kd2 Rc7 18. Rhf1 Rbc8 19. f4 g6
20. g4 b5 21. a3 a5 22. Rc1 Kf8 23. b4 axb4 24. axb4 Ra8 25. Ra1 Rca7 26. Rxa7
Rxa7 27. Kc2 Ra2+ 28. Nb2 Bd6 29. h3 Ke7 30. Kb3 Ra8 31. Nd3 h6 32. Kb2 g5
33. f5 Ra7 34. fxe6 fxe6 35. Ne5 Bxe5 36. dxe5 Rd7 37. Rf6 d4 38. Rxh6 dxc3+
39. Kxc3 Rd5 40. Rh7+ Kf8 41. Rh5 Rxe5 42. h4 Re3+ 43. Kd4 Rh3 44. Rxg5 Rxh4
45. Kc5 Kf7 46. Kxb5 Kf6 47. Rg8 Kf7 48. Rg5 Kf6 49. Rg8 Kf7 50. Rg5 1/2-1/2

[Event "Open Ricany 2011"]
[Site "http://www.openricany.cz"]
[Date "2011.08.20"]
[Round "1.13"]
[White "Havelka, Petr"]
[Black "Hadzala, Daniel"]
[Result "1/2-1/2"]
[WhiteElo "1915"]
[BlackElo "2162"]

1. d4 Nf6 2. c4 d6 3. Nc3 Nbd7 4. e4 e5 5. d5 Be7 6. Bd3 O-O 7. Nge2 c6 8. O-O
cxd5 9. cxd5 a6 10. b4 Ne8 11. Be3 Bg5 12. Qd2 Bxe3 13. Qxe3 g6 14. Ng3 Qh4
15. f3 Ng7 16. Qf2 f5 17. Nge2 Qf6 18. Rac1 a5 19. a3 axb4 20. axb4 Ra3 21. Ra1
Rb3 22. Rfb1 Rxb1+ 23. Rxb1 Qg5 24. Ng3 h5 25. Nf1 Qe7 26. Qc2 Nf6 27. Ne3 f4
28. Nc4 Bd7 29. Nb6 g5 30. Nb5 Bxb5 31. Bxb5 Qd8 32. Na4 Qa8 33. Rc1 g4 34. Qc7
Nge8 35. Qa5 Qb8 36. Nb6 Nc7 37. Nd7 Nxd7 38. Rxc7 Nf6 39. Qb6 Qa8 40. Rxb7 Qa1+
41. Bf1 Rf7 42. Rxf7 Kxf7 43. Qf2 Qb1 44. b5 Nd7 45. g3 fxg3 46. hxg3 gxf3
47. Qxf3+ Nf6 48. Kg2 Qxe4 49. Qxe4 Nxe4 50. b6 Nc5 51. Bb5 e4 52. Kf2 Kf6
53. Bc6 Kf5 54. b7 Na6 55. Bd7+ Ke5 56. Be6 Kd4 57. Ke2 Nb8 58. Bf7 Na6 59. Be6
1/2-1/2

[Event "Open Ricany 2011"]
[Site "http://www.openricany.cz"]
[Date "2011.08.21"]
[Round "2.52"]
[White "Paukert, Jan"]
[Black "Koller, Martin"]
[Result "0-1"]
[WhiteElo "1911"]
[BlackElo "1758"]

1. d4 Nf6 2. Nf3 g6 3. g3 Bg7 4. Bg2 O-O 5. O-O d5 6. c4 c6 7. b3 Bf5 8. Bb2
Be4 9. Nbd2 Nbd7 10. Nxe4 Nxe4 11. Nd2 f5 12. f3 Nd6 13. e4 fxe4 14. fxe4 Rxf1+
15. Qxf1 Nxe4 16. Nxe4 dxe4 17. Bxe4 Qb6 18. Qf2 Rf8 19. Qe3 e5 20. c5 0-1

[Event "Open Ricany 2011"]
[Site "http://www.openricany.cz"]
[Date "2011.08.21"]
[Round "2.46"]
[White "Hybl, Vladislav"]
[Black "Soltys, Roman"]
[Result "1/2-1/2"]
[WhiteElo "1784"]
[BlackElo "1825"]

1. e4 e6 2. d4 d5 3. Nd2 c5 4. exd5 exd5 5. Ngf3 Bf5 6. dxc5 Bxc5 7. Nb3 Nf6
8. Nxc5 Qa5+ 9. c3 Qxc5 10. Be3 Qe7 11. Bb5+ Nc6 12. O-O O-O 13. Re1 Qc7 14. Bd3
Bg6 15. Bxg6 hxg6 16. Nd4 Rfe8 17. Nxc6 bxc6 1/2-1/2

[Event "Open Ricany 2011"]
[Site "http://www.openricany.cz"]
[Date "2011.08.21"]
[Round "2.37"]
[White "Rydl, Jiri"]
[Black "Suchy, Jaroslav"]
[Result "1-0"]
[WhiteElo "2007"]
[BlackElo "1870"]

1. e4 Nc6 2. Nf3 Nf6 3. e5 Ng4 4. d4 d6 5. h3 Nh6 6. Bxh6 gxh6 7. e6 fxe6
8. Bb5 a6 9. Bxc6+ bxc6 10. Ne5 dxe5 11. Qh5+ Kd7 12. dxe5 Bb7 13. Nc3 c5
14. O-O-O+ Kc8 15. Rxd8+ Kxd8 16. Rd1+ Kc8 17. Qe8# 1-0